MARC

LEADER 00000nam0a2200000 4500
001 264578
005 20231101233838.0
010 |a 5282005611 
035 |a (RuTPU)RU\TPU\book\287573 
090 |a 264578 
100 |a 20140620d1988 k y0rusy50 ca 
101 0 |a rus 
102 |a RU 
105 |a y z 001zy 
200 1 |a Оптимизация информационно-экономической системы предприятия  |f Р. С. Седегов, Н. М. Орлова, Ю. И. Сидоров 
210 |a Москва  |c Экономика  |d 1988 
215 |a 320 с. 
320 |a Библиогр.: с. 318. 
606 1 |a Промышленные предприятия  |x Управление  |x Информационное обеспечение  |x Информационная служба  |2 stltpush  |3 (RuTPU)RU\TPU\subj\52700  |9 71103 
610 1 |a информационно-экономические системы 
610 1 |a оптимизация 
610 1 |a анализ 
610 1 |a оперативное управление 
610 1 |a зарубежный опыт 
675 |a 658.012.45  |v 3 
700 1 |a Седегов  |b Р. С.  |g Роберт Сергеевич 
701 1 |a Орлова  |b Н. М.  |g Нина Михайловна 
701 1 |a Сидоров  |b Ю. И.  |g Юрий Иванович 
801 1 |a RU  |b 63413507  |c 20140620 
801 2 |a RU  |b 63413507  |c 20150515  |g RCR 
942 |c BK